<?xml version="1.0" encoding="UTF-8"?><?xml-stylesheet type="text/xsl" href="static/style.xsl"?><OAI-PMH xmlns="http://www.openarchives.org/OAI/2.0/" xmlns:xsi="http://www.w3.org/2001/XMLSchema-instance" xsi:schemaLocation="http://www.openarchives.org/OAI/2.0/ http://www.openarchives.org/OAI/2.0/OAI-PMH.xsd"><responseDate>2026-06-06T04:36:34Z</responseDate><request verb="GetRecord" identifier="oai:riuma.uma.es:10630/29538" metadataPrefix="marc">https://riuma.uma.es/rest/oai/request</request><GetRecord><record><header><identifier>oai:riuma.uma.es:10630/29538</identifier><datestamp>2026-02-03T11:43:44Z</datestamp><setSpec>com_10630_2254</setSpec><setSpec>col_10630_37956</setSpec></header><metadata><record xmlns="http://www.loc.gov/MARC21/slim" xmlns:dcterms="http://purl.org/dc/terms/" xmlns:doc="http://www.lyncode.com/xoai" xmlns:xsi="http://www.w3.org/2001/XMLSchema-instance" xsi:schemaLocation="http://www.loc.gov/MARC21/slim http://www.loc.gov/standards/marcxml/schema/MARC21slim.xsd">
   <leader>00925njm 22002777a 4500</leader>
   <datafield ind2=" " ind1=" " tag="042">
      <subfield code="a">dc</subfield>
   </datafield>
   <datafield ind2=" " ind1=" " tag="720">
      <subfield code="a">Contreras-de-la-Rosa, Isabel</subfield>
      <subfield code="e">author</subfield>
   </datafield>
   <datafield ind2=" " ind1=" " tag="260">
      <subfield code="c">2023</subfield>
   </datafield>
   <datafield ind2=" " ind1=" " tag="520">
      <subfield code="a">La declaración de la COVID-19 como pandemia y las medidas restrictivas que los diferentes países impusieron, afectaron especialmente al sector aéreo en el que las cancelaciones de vuelos —y, en menor medida los retrasos— generaron, en los pasajeros y en las compañías aéreas, muchas incertidumbres sobre los servicios que prestar y los derechos de los pasajeros que atender. El aluvión de reclamaciones de los pasajeros que se sucedieron y las dificultades económicas del sector —existentes ya antes de la pandemia—, contribuyeron a ahondar más si cabe su crisis. En dicho contexto, analizaremos la aplicación de la normativa europea que tutela al pasajero aéreo, en casos como estos, en los que parece notorio la concurrencia de una circunstancia extraordinaria.</subfield>
   </datafield>
   <datafield ind1="8" ind2=" " tag="024">
      <subfield code="a">Contreras-de-la-Rosa, Isabel. La COVID-19 como circunstancia extraordinaria en el ámbito del reglamento (ce) nº 261/2004. En: El Derecho mercantil y la pandemia: algunos problemas del pasado, la crisis coyuntural y las perspectivas futuras: Libro homenaje a Agustín Madrid Parra, págs. 637-651. Dir. Guerrero Lebrón, M J / Alvarado Herrera, L. 978-84-1359-757-7</subfield>
   </datafield>
   <datafield ind1="8" ind2=" " tag="024">
      <subfield code="a">978-84-1359-757-7</subfield>
   </datafield>
   <datafield ind1="8" ind2=" " tag="024">
      <subfield code="a">https://www.colexopenaccess.com/libros/derecho-mercantil-pandemia-problemas-pasado-crisis-coyuntural-perspectivas-futuras-5016</subfield>
   </datafield>
   <datafield ind1="8" ind2=" " tag="024">
      <subfield code="a">https://hdl.handle.net/10630/29538</subfield>
   </datafield>
   <datafield tag="653" ind2=" " ind1=" ">
      <subfield code="a">Transporte aéreo - Derecho</subfield>
   </datafield>
   <datafield ind2="0" ind1="0" tag="245">
      <subfield code="a">La COVID-19 como circunstancia extraordinaria en el ámbito del reglamento (ce) nº 261/2004</subfield>
   </datafield>
</record>
</metadata></record></GetRecord></OAI-PMH>